<?xml version="1.0" encoding="UTF-8"?>
<record
    xmlns:xsi="http://www.w3.org/2001/XMLSchema-instance"
    xsi:schemaLocation="http://www.loc.gov/MARC21/slim http://www.loc.gov/standards/marcxml/schema/MARC21slim.xsd"
    xmlns="http://www.loc.gov/MARC21/slim">

  <leader>01483nam a2200289 i 4500</leader>
  <controlfield tag="003">SA-RiAUC</controlfield>
  <controlfield tag="005">20260221114011.0</controlfield>
  <controlfield tag="008">260203s1913    su     g      00000bara c</controlfield>
  <datafield tag="040" ind1=" " ind2=" ">
    <subfield code="a">SA-RiKSU</subfield>
    <subfield code="b">ara</subfield>
    <subfield code="c">SA-RiAUC</subfield>
    <subfield code="e">rda</subfield>
  </datafield>
  <datafield tag="082" ind1="0" ind2="4">
    <subfield code="a">239.7</subfield>
  </datafield>
  <datafield tag="090" ind1=" " ind2=" ">
    <subfield code="a">&#x645; &#x646; 239.7</subfield>
    <subfield code="b">&#x627; &#x645; &#x64A;</subfield>
  </datafield>
  <datafield tag="100" ind1="1" ind2=" ">
    <subfield code="a">&#x623;&#x645;&#x64A;&#x646; &#x627;&#x644;&#x632;&#x631;&#x639;&#x629;&#x60C; &#x645;&#x62D;&#x645;&#x62F; &#x62A;&#x642;&#x64A; &#x627;&#x644;&#x62F;&#x64A;&#x646; &#x628;&#x646; &#x639;&#x645;&#x631; &#x628;&#x646; &#x639;&#x628;&#x62F; &#x627;&#x644;&#x642;&#x627;&#x62F;&#x631;</subfield>
    <subfield code="e">&#x645;&#x624;&#x644;&#x641;.</subfield>
  </datafield>
  <datafield tag="245" ind1="1" ind2="0">
    <subfield code="a">&#x62F;&#x631;&#x629; &#x627;&#x644;&#x639;&#x642;&#x62F; &#x627;&#x644;&#x62B;&#x645;&#x64A;&#x646; &#x641;&#x64A; &#x628;&#x639;&#x636; &#x645;&#x646;&#x627;&#x642;&#x628; &#x627;&#x644;&#x633;&#x64A;&#x62F;&#x629; &#x645;&#x64A;&#x645;&#x648;&#x646;&#x629; &#x623;&#x645; &#x627;&#x644;&#x645;&#x624;&#x645;&#x646;&#x64A;&#x646; /</subfield>
    <subfield code="c">&#x645;&#x62D;&#x645;&#x62F; &#x62A;&#x642;&#x64A; &#x627;&#x644;&#x62F;&#x64A;&#x646; &#x628;&#x646; &#x639;&#x645;&#x631; &#x628;&#x646; &#x639;&#x628;&#x62F; &#x627;&#x644;&#x642;&#x627;&#x62F;&#x631; &#x623;&#x645;&#x64A;&#x646; &#x627;&#x644;&#x632;&#x631;&#x639;&#x629;. &#x630;&#x64A;&#x644;&#x647;&#x627; &#x642;&#x635;&#x64A;&#x62F;&#x629; &#x645;&#x634;&#x627;&#x647;&#x62F;&#x629; &#x623;&#x647;&#x644; &#x627;&#x644;&#x628;&#x64A;&#x62A; / &#x632;&#x64A;&#x646; &#x627;&#x644;&#x639;&#x627;&#x628;&#x62F;&#x64A;&#x646; &#x639;&#x628;&#x62F; &#x627;&#x644;&#x634;&#x643;&#x648;&#x631;.</subfield>
  </datafield>
  <datafield tag="264" ind1=" " ind2="1">
    <subfield code="a">[&#x645;&#x643;&#x627;&#x646; &#x627;&#x644;&#x646;&#x634;&#x631; &#x63A;&#x64A;&#x631; &#x645;&#x62D;&#x62F;&#x62F;] :</subfield>
    <subfield code="b">[&#x627;&#x644;&#x646;&#x627;&#x634;&#x631; &#x63A;&#x64A;&#x631; &#x645;&#x62D;&#x62F;&#x62F;]&#x60C;</subfield>
    <subfield code="c">[1913]</subfield>
  </datafield>
  <datafield tag="264" ind1=" " ind2="3">
    <subfield code="a">&#x645;&#x643;&#x629; &#x627;&#x644;&#x645;&#x643;&#x631;&#x645;&#x629; :</subfield>
    <subfield code="b">&#x645;&#x637;&#x628;&#x639;&#x629; &#x627;&#x644;&#x62A;&#x631;&#x642;&#x64A; &#x627;&#x644;&#x645;&#x627;&#x62C;&#x62F;&#x64A;&#x629;</subfield>
  </datafield>
  <datafield tag="300" ind1=" " ind2=" ">
    <subfield code="a">31 &#x635;&#x641;&#x62D;&#x629; &#x61B;</subfield>
    <subfield code="c">29 &#x633;&#x645;</subfield>
  </datafield>
  <datafield tag="336" ind1=" " ind2=" ">
    <subfield code="a">&#x646;&#x635;</subfield>
    <subfield code="b">txt</subfield>
    <subfield code="2">rdacontent</subfield>
    <subfield code="3">&#x643;&#x62A;&#x627;&#x628;</subfield>
  </datafield>
  <datafield tag="337" ind1=" " ind2=" ">
    <subfield code="a">&#x628;&#x62F;&#x648;&#x646; &#x648;&#x633;&#x64A;&#x637;</subfield>
    <subfield code="b">n</subfield>
    <subfield code="2">rdamedia</subfield>
  </datafield>
  <datafield tag="338" ind1=" " ind2=" ">
    <subfield code="a">&#x645;&#x62C;&#x644;&#x62F;</subfield>
    <subfield code="b">nc</subfield>
    <subfield code="2">rdacarrier</subfield>
  </datafield>
  <datafield tag="600" ind1="0" ind2="7">
    <subfield code="a">&#x645;&#x64A;&#x645;&#x648;&#x646;&#x629; &#x628;&#x646;&#x62A; &#x627;&#x644;&#x62D;&#x627;&#x631;&#x62B; &#x628;&#x646; &#x62D;&#x632;&#x646;&#x60C;</subfield>
    <subfield code="d">&#x62A;&#x648;&#x641;&#x64A; 51 &#x647;&#x62C;&#x631;&#x64A;</subfield>
    <subfield code="2">aucnm</subfield>
  </datafield>
  <datafield tag="650" ind1=" " ind2="7">
    <subfield code="a">&#x632;&#x648;&#x62C;&#x627;&#x62A; &#x627;&#x644;&#x646;&#x628;&#x64A;</subfield>
    <subfield code="2">aucsh</subfield>
  </datafield>
  <datafield tag="650" ind1=" " ind2="7">
    <subfield code="a">&#x623;&#x647;&#x644; &#x628;&#x64A;&#x62A; &#x627;&#x644;&#x631;&#x633;&#x648;&#x644;</subfield>
    <subfield code="2">aucsh</subfield>
  </datafield>
  <datafield tag="700" ind1="1" ind2="2">
    <subfield code="a">&#x639;&#x628;&#x62F; &#x627;&#x644;&#x634;&#x643;&#x648;&#x631;&#x60C; &#x632;&#x64A;&#x646; &#x627;&#x644;&#x639;&#x627;&#x628;&#x62F;&#x64A;&#x646;</subfield>
    <subfield code="t">&#x642;&#x635;&#x64A;&#x62F;&#x629; &#x645;&#x634;&#x627;&#x647;&#x62F;&#x629; &#x623;&#x647;&#x644; &#x627;&#x644;&#x628;&#x64A;&#x62A;.</subfield>
  </datafield>
  <datafield tag="740" ind1="0" ind2="2">
    <subfield code="a">&#x642;&#x635;&#x64A;&#x62F;&#x629; &#x645;&#x634;&#x627;&#x647;&#x62F;&#x629; &#x623;&#x647;&#x644; &#x627;&#x644;&#x628;&#x64A;&#x62A;.</subfield>
  </datafield>
  <datafield tag="942" ind1=" " ind2=" ">
    <subfield code="2">ddc</subfield>
    <subfield code="c">RBOOK COPY</subfield>
    <subfield code="n">0</subfield>
  </datafield>
  <datafield tag="949" ind1=" " ind2=" ">
    <subfield code="a">SA-JeALM</subfield>
    <subfield code="d">260203</subfield>
    <subfield code="u">mohamedma123</subfield>
    <subfield code="n">1</subfield>
  </datafield>
  <datafield tag="952" ind1=" " ind2=" ">
    <subfield code="0">0</subfield>
    <subfield code="1">0</subfield>
    <subfield code="2">ddc</subfield>
    <subfield code="4">0</subfield>
    <subfield code="7">0</subfield>
    <subfield code="a">WAHAB</subfield>
    <subfield code="b">WAHAB</subfield>
    <subfield code="d">2026-02-21</subfield>
    <subfield code="l">0</subfield>
    <subfield code="o">&#x645; &#x646; 239.7  &#x627; &#x645; &#x64A;</subfield>
    <subfield code="p">000022853</subfield>
    <subfield code="r">2026-02-21 11:40:44</subfield>
    <subfield code="w">2026-02-21</subfield>
    <subfield code="y">RBOOK COPY</subfield>
  </datafield>
  <datafield tag="952" ind1=" " ind2=" ">
    <subfield code="0">0</subfield>
    <subfield code="1">0</subfield>
    <subfield code="2">ddc</subfield>
    <subfield code="4">0</subfield>
    <subfield code="7">0</subfield>
    <subfield code="a">WAHAB</subfield>
    <subfield code="b">WAHAB</subfield>
    <subfield code="d">2026-03-30</subfield>
    <subfield code="l">0</subfield>
    <subfield code="o">&#x645; &#x646; 239.7 &#x627; &#x645; &#x64A;</subfield>
    <subfield code="p">000023247</subfield>
    <subfield code="r">2026-03-30 14:46:41</subfield>
    <subfield code="w">2026-03-30</subfield>
    <subfield code="y">RBOOK COPY</subfield>
  </datafield>
  <datafield tag="999" ind1=" " ind2=" ">
    <subfield code="c">14424</subfield>
    <subfield code="d">14424</subfield>
  </datafield>
</record>
